Industrial productivity and economic growth

Guardat en:
Dades bibliogràfiques
Autor principal: Wolf, Charles
Format: Llibre
Idioma:Undetermined
Publicat: Tokyo Asian Productivity Organization 1964
Matèries:
Etiquetes: Afegir etiqueta
Sense etiquetes, Sigues el primer a etiquetar aquest registre!
Thư viện lưu trữ: Trung tâm Học liệu Trường Đại học Cần Thơ
LEADER 00556nam a2200193Ia 4500
001 CTU_83463
008 210402s9999 xx 000 0 und d
082 |a 338.01 
082 |b W853 
100 |a Wolf, Charles 
245 0 |a Industrial productivity and economic growth 
245 0 |c Charles Wolf, R. Gangadharan, Kee Chun Han 
260 |a Tokyo 
260 |b Asian Productivity Organization 
260 |c 1964 
650 |a Labor productivity 
650 |z India 
904 |i Qhieu(sửa) 
980 |a Trung tâm Học liệu Trường Đại học Cần Thơ